[Event "GER-chT Federal Cup (Women)"]
[Site "Braunfels"]
[Date "2019.06.21"]
[Round "3.12"]
[White "Nagel, Verena"]
[Black "Sokalskaja, Elena"]
[Result "0-1"]
[WhiteElo "2029"]
[BlackElo "2014"]
[PlyCount "78"]
[EventDate "2019.06.20"]
[EventType "team-swiss"]
[EventRounds "5"]
[EventCountry "GER"]
[SourceTitle "CBM 191 Extra"]
[Source "ChessBase"]
[SourceDate "2019.09.30"]
[SourceVersion "1"]
[SourceVersionDate "2019.09.30"]
[SourceQuality "1"]

1. d4 Nf6 2. Nf3 g6 3. e3 Bg7 4. b3 c5 5. Bd3 Nc6 6. Bb2 0-0 7. 0-0 cxd4 8. exd4 d5 9. Nbd2 Nb4 10. Be2 Bf5 11. c3 Nd3 12. Bxd3 Bxd3 13. Re1 Rc8 14. Ne5 Bf5 15. g4 Be6 16. g5 Nh5 17. Qf3 b5 18. Ba3 Rc7 19. Bc5 Qc8 20. b4 f6 21. gxf6 Rxf6 22. Qd3 Nf4 23. Qxb5 Nh3+ 24. Kh1 Nxf2+ 25. Kg1 Nh3+ 26. Kh1 Nf2+ 27. Kg1 Bh6 28. Nf1 Nh3+ 29. Kh1 Bf5 30. Ng3 Be4+ 31. Nxe4 dxe4 32. Rf1 Nf2+ 33. Rxf2 Rxf2 34. d5 e3 35. Nd3 Qh3 36. Nxf2 Qf3+ 37. Kg1 Qxf2+ 38. Kh1 Bf4 39. Qb8+ Kf7 0-1

[Event "BL2 West 1819 (Women)"]
[Site "Germany"]
[Date "2019.01.13"]
[Round "7.3"]
[White "Sokalskaja, Elena"]
[Black "Moeller, Hannah Sophie"]
[Result "0-1"]
[WhiteElo "2061"]
[BlackElo "1827"]
[PlyCount "72"]
[EventDate "2018.10.27"]
[EventType "team-tourn"]
[EventRounds "7"]
[EventCountry "GER"]
[SourceTitle "CBM 190 Extra"]
[Source "ChessBase"]
[SourceDate "2019.07.15"]
[SourceVersion "1"]
[SourceVersionDate "2019.07.15"]
[SourceQuality "1"]
[WhiteTeam "Muelheim Nord (W)"]
[BlackTeam "Steinfurt (W)"]
[WhiteTeamCountry "GER"]
[BlackTeamCountry "GER"]

1. d4 Nf6 2. Nf3 g6 3. g3 Bg7 4. Bg2 d6 5. c4 Nbd7 6. Nc3 0-0 7. 0-0 e5 8. Qc2 exd4 9. Nxd4 Nc5 10. Rd1 Re8 11. e4 Bd7 12. f3 Qc8 13. Be3 Bh3 14. Rac1 Bxg2 15. Kxg2 Nfd7 16. b4 Ne6 17. Nde2 Qd8 18. c5 Ne5 19. cxd6 Qf6 20. f4 Ng4 21. Bg1 cxd6 22. h3 Nh6 23. Nd5 Qd8 24. Qd3 f5 25. exf5 Nxf5 26. Re1 Rc8 27. Bf2 Nc7 28. Bxa7 Nxd5 29. Qxd5+ Kh8 30. Rxc8 Qxc8 31. g4 Ne3+ 32. Bxe3 Rxe3 33. Qd2 Qc6+ 34. Kf2 Qf3+ 35. Kg1 Qxh3 36. Qxd6 Qxg4+ 0-1

[Event "BL2 West 1819 (Women)"]
[Site "Germany"]
[Date "2019.01.12"]
[Round "6.2"]
[White "Sokalskaja, Elena"]
[Black "Bork, Sophie"]
[Result "1-0"]
[WhiteElo "2061"]
[BlackElo "1859"]
[PlyCount "67"]
[EventDate "2018.10.27"]
[EventType "team-tourn"]
[EventRounds "7"]
[EventCountry "GER"]
[SourceTitle "CBM 190 Extra"]
[Source "ChessBase"]
[SourceDate "2019.07.15"]
[SourceVersion "1"]
[SourceVersionDate "2019.07.15"]
[SourceQuality "1"]
[WhiteTeam "Muelheim Nord (W)"]
[BlackTeam "Paderborn Blauer Springer (W)"]
[WhiteTeamCountry "GER"]
[BlackTeamCountry "GER"]

1. d4 d5 2. Nf3 c5 3. g3 e6 4. Bg2 Nc6 5. 0-0 Nf6 6. c4 Be7 7. Nc3 0-0 8. cxd5 exd5 9. dxc5 Bxc5 10. Na4 Be7 11. b3 Bg4 12. Bb2 Re8 13. Rc1 Rc8 14. h3 Bh5 15. Nc5 b6 16. Nd3 Bd6 17. e3 Bb8 18. Nf4 Bxf4 19. exf4 Bxf3 20. Qxf3 Qd6 21. Rfd1 Nb4 22. a3 Rxc1 23. Rxc1 Na6 24. b4 Ne4 25. Qd3 Nxb4 26. axb4 Qxb4 27. Qd4 Qxd4 28. Bxd4 Kf8 29. Rc7 Rb8 30. Rxa7 b5 31. Rd7 b4 32. Rxd5 Nf6 33. Bc5+ Ke8 34. Rd1 1-0

[Event "BL2 West 1819 (Women)"]
[Site "Germany"]
[Date "2018.12.09"]
[Round "5.3"]
[White "Schmidt, Andrea"]
[Black "Sokalskaja, Elena"]
[Result "1/2-1/2"]
[WhiteElo "2002"]
[BlackElo "2062"]
[PlyCount "57"]
[EventDate "2018.10.27"]
[EventType "team-tourn"]
[EventRounds "7"]
[EventCountry "GER"]
[SourceTitle "CBM 190 Extra"]
[Source "ChessBase"]
[SourceDate "2019.07.15"]
[SourceVersion "1"]
[SourceVersionDate "2019.07.15"]
[SourceQuality "1"]
[WhiteTeam "Bochum Wattenscheid (W)"]
[BlackTeam "Muelheim Nord (W)"]
[WhiteTeamCountry "GER"]
[BlackTeamCountry "GER"]

1. e4 c6 2. d4 d5 3. exd5 cxd5 4. Nf3 Nf6 5. Be2 g6 6. 0-0 Bg7 7. c3 Nc6 8. Bf4 0-0 9. Qc1 Bf5 10. Bh6 Rc8 11. Bxg7 Kxg7 12. Qd1 Qc7 13. Bd3 Bxd3 14. Qxd3 Ne4 15. Nfd2 Nd6 16. Na3 a6 17. Nc2 Qd7 18. Ne3 e6 19. Rae1 h5 20. f4 b5 21. a3 Nc4 22. Nd1 Nxd2 23. Qxd2 Na5 24. Qe2 Nc6 25. Nf2 Qc7 26. Nd3 a5 27. b4 Qd6 28. Nc5 Rb8 29. g4 1/2-1/2

[Event "BL2 West 1819 (Women)"]
[Site "Germany"]
[Date "2018.11.17"]
[Round "3.1"]
[White "Sokalskaja, Elena"]
[Black "Meyer, Bettina"]
[Result "1-0"]
[WhiteElo "2047"]
[BlackElo "1981"]
[PlyCount "57"]
[EventDate "2018.10.27"]
[EventType "team-tourn"]
[EventRounds "7"]
[EventCountry "GER"]
[SourceTitle "CBM 190 Extra"]
[Source "ChessBase"]
[SourceDate "2019.07.15"]
[SourceVersion "1"]
[SourceVersionDate "2019.07.15"]
[SourceQuality "1"]
[WhiteTeam "Muelheim Nord (W)"]
[BlackTeam "Hamburger SK (W) II"]
[WhiteTeamCountry "GER"]
[BlackTeamCountry "GER"]

1. d4 d5 2. Nf3 Nf6 3. c4 e6 4. Nc3 c6 5. Bg5 Be7 6. e3 0-0 7. Qc2 h6 8. Bh4 Nbd7 9. Bd3 Re8 10. 0-0 Qa5 11. a3 dxc4 12. Bxc4 Qh5 13. Ne2 Bd6 14. Ng3 Bxg3 15. Bxg3 Nb6 16. Bd3 Qd5 17. Ne5 Qd8 18. Rfd1 Nbd7 19. Nc4 a5 20. e4 Nb6 21. Nd6 Re7 22. Rd2 Ne8 23. Nxe8 Qxe8 24. Rad1 a4 25. Bd6 Rd7 26. Bc5 Qd8 27. Qc3 Rb8 28. Qb4 Na8 29. Ba7 1-0

[Event "Ruhrgebiet Verbandsklasse Gruppe 1 1617"]
[Site "Germany"]
[Date "2017.02.19"]
[Round "7.3"]
[White "Sokalskaja, Elena"]
[Black "Grube, Joerg"]
[Result "1-0"]
[WhiteElo "1925"]
[BlackElo "1892"]
[PlyCount "101"]
[EventDate "2016.09.04"]
[EventType "team-tourn"]
[EventRounds "9"]
[EventCountry "GER"]
[SourceTitle "EXT 2022"]
[Source "ChessBase"]
[SourceDate "2021.10.06"]
[SourceVersion "1"]
[SourceVersionDate "2021.10.06"]
[SourceQuality "1"]
[WhiteTeam "Muelheim Nord IV"]
[BlackTeam "Dortmund FS"]
[WhiteTeamCountry "GER"]
[BlackTeamCountry "GER"]

1. d4 Nf6 2. Nf3 g6 3. g3 Bg7 4. Bg2 d5 5. c4 c6 6. Nc3 0-0 7. 0-0 Bf5 8. Ne5 Nfd7 9. Nxd7 Qxd7 10. cxd5 cxd5 11. Nxd5 Nc6 12. e3 e5 13. e4 Bg4 14. f3 Be6 15. dxe5 Nxe5 16. Bh6 Bxd5 17. Bxg7 Kxg7 18. exd5 f6 19. Qb3 b5 20. Rfe1 Nc4 21. f4 Rae8 22. a4 a6 23. axb5 axb5 24. Qc3 Rxe1+ 25. Rxe1 Re8 26. b3 Nd6 27. Rxe8 Qxe8 28. Qc7+ Nf7 29. Kf2 Qa8 30. Be4 Qa1 31. Kg2 Qd4 32. Qe7 Qd2+ 33. Kh3 Qe2 34. Qb4 f5 35. Qc3+ Kh6 36. Bf3 Qe7 37. Kg2 Qd6 38. Qe3 b4 39. Qe6 Kg7 40. Qe8 h6 41. h4 h5 42. Qc6 Qe7 43. Qc4 Qd6 44. Qd4+ Kh7 45. Kf2 Kg8 46. Be2 Kh7 47. Bb5 Nh6 48. Qa7+ Kh8 49. Qa8+ Kg7 50. Qb7+ Nf7 51. Be8 1-0

[Event "Ruhrgebiet Verbandsklasse Gruppe 1 1617"]
[Site "Germany"]
[Date "2016.12.18"]
[Round "5.4"]
[White "Kraus, Kilian"]
[Black "Sokalskaja, Elena"]
[Result "0-1"]
[WhiteElo "1753"]
[BlackElo "1925"]
[PlyCount "112"]
[EventDate "2016.09.04"]
[EventType "team-tourn"]
[EventRounds "9"]
[EventCountry "GER"]
[SourceTitle "EXT 2022"]
[Source "ChessBase"]
[SourceDate "2021.10.06"]
[SourceVersion "1"]
[SourceVersionDate "2021.10.06"]
[SourceQuality "1"]
[WhiteTeam "Oberhausen SV III"]
[BlackTeam "Muelheim Nord IV"]
[WhiteTeamCountry "GER"]
[BlackTeamCountry "GER"]

1. d4 Nf6 2. g3 d5 3. Bg2 g6 4. Nf3 Bg7 5. 0-0 0-0 6. c4 c6 7. cxd5 cxd5 8. Nc3 Nc6 9. Ne5 Nxe5 10. dxe5 Ng4 11. f4 Qb6+ 12. Kh1 e6 13. Qe1 Bd7 14. h3 Ne3 15. Bxe3 Qxe3 16. Rf3 Qb6 17. Rd3 Rfd8 18. Qd2 Bc6 19. Rd1 Bf8 20. e4 d4 21. Rxd4 Rxd4 22. Qxd4 Qxb2 23. g4 Qb6 24. f5 Qxd4 25. Rxd4 Bc5 26. Rd3 Bb4 27. Ne2 a5 28. Nf4 Bb5 29. Rd1 Bc4 30. a4 Bb3 31. Rb1 Bxa4 32. fxe6 fxe6 33. Nxe6 Re8 34. Nf4 Rxe5 35. Nd5 Bc6 36. Nxb4 Rb5 37. Ra1 axb4 38. Rb1 b3 39. Rb2 Rb4 40. Bf3 Kf7 41. Kh2 Ke6 42. Bd1 Ba4 43. Kg3 Ke5 44. Kf3 Rd4 45. Be2 Rxe4 46. Bd3 Rf4+ 47. Ke3 Rb4 48. Be2 Bc6 49. Bd1 Bd5 50. h4 b5 51. h5 g5 52. Be2 Bc4 53. Bd1 Ra4 54. Bf3 Ra2 55. Rb1 Rh2 56. Bd1 b2 0-1

[Event "Ruhrgebiet Verbandsklasse Gruppe 1 1617"]
[Site "Germany"]
[Date "2016.11.27"]
[Round "4.3"]
[White "Radi, Guenter"]
[Black "Sokalskaja, Elena"]
[Result "0-1"]
[WhiteElo "1884"]
[BlackElo "1925"]
[PlyCount "148"]
[EventDate "2016.09.04"]
[EventType "team-tourn"]
[EventRounds "9"]
[EventCountry "GER"]
[SourceTitle "EXT 2022"]
[Source "ChessBase"]
[SourceDate "2021.10.06"]
[SourceVersion "1"]
[SourceVersionDate "2021.10.06"]
[SourceQuality "1"]
[WhiteTeam "Guennigfeld SV"]
[BlackTeam "Muelheim Nord IV"]
[WhiteTeamCountry "GER"]
[BlackTeamCountry "GER"]

1. d4 Nf6 2. Nf3 g6 3. c4 Bg7 4. Nc3 d5 5. e3 0-0 6. Bd3 c5 7. dxc5 Qa5 8. Qa4 Qxc5 9. Qb5 Na6 10. Qxc5 Nxc5 11. Be2 dxc4 12. Bxc4 Bf5 13. Nd4 Bd3 14. Bxd3 Nxd3+ 15. Ke2 Nc5 16. b4 Nce4 17. Nxe4 Nxe4 18. Bb2 Rfd8 19. f3 Nd6 20. Rac1 Rac8 21. Ba1 Nc4 22. Rhd1 a6 23. Nb3 b5 24. Bxg7 Kxg7 25. Rxd8 Rxd8 26. Rc3 h5 27. Rd3 Rc8 28. Rd7 Kf6 29. f4 Nd6 30. Kd3 Rc4 31. a3 Ne4 32. Ra7 Nf2+ 33. Ke2 Rc2+ 34. Kf3 Ng4 35. Rxa6+ e6 36. h3 Nxe3 37. Nc5 Nc4 38. Ne4+ Kg7 39. Ra7 Ra2 40. Nc3 Rxa3 41. Rxa3 Nxa3 42. Ke4 Nc2 43. Nxb5 Nxb4 44. Nd4 Nd5 45. g3 Nf6+ 46. Ke5 Ng8 47. Ne2 Nh6 48. Ke4 Kf6 49. Kf3 g5 50. fxg5+ Kxg5 51. h4+ Kf5 52. Nf4 e5 53. Nxh5 e4+ 54. Ke3 Ke5 55. Nf4 Nf5+ 56. Kf2 Nxh4 57. Ne2 Nf5 58. Ke1 Nd4 59. Nc3 f5 60. Kd2 Ne6 61. Ke3 Nc7 62. Ne2 Nd5+ 63. Kd2 Nf6 64. Kc3 Ng4 65. Kd2 Kf6 66. Nc3 Kg5 67. Ke2 Nf6 68. Kf2 Kg4 69. Kg2 e3 70. Nd1 Nd5 71. Nb2 f4 72. gxf4 Nxf4+ 73. Kf1 Kf3 74. Kg1 e2 0-1

[Event "Ruhrgebiet Verbandsliga Gruppe 2 1415"]
[Site "Germany"]
[Date "2015.03.01"]
[Round "7.2"]
[White "Zeldin, Leonid"]
[Black "Sokalskaja, Elena"]
[Result "1-0"]
[WhiteElo "1997"]
[BlackElo "1961"]
[PlyCount "71"]
[EventDate "2014.09.21"]
[EventType "team-tourn"]
[EventRounds "9"]
[EventCountry "GER"]
[SourceTitle "EXT 2022"]
[Source "ChessBase"]
[SourceDate "2021.10.06"]
[SourceVersion "1"]
[SourceVersionDate "2021.10.06"]
[SourceQuality "1"]
[WhiteTeam "Bochum SG III"]
[BlackTeam "Muelheim Nord IV"]
[WhiteTeamCountry "GER"]
[BlackTeamCountry "GER"]

1. e4 c6 2. d4 d5 3. exd5 cxd5 4. Nf3 Nc6 5. Bb5 Bg4 6. 0-0 e6 7. c4 Nf6 8. Qa4 Bxf3 9. gxf3 Qb6 10. Nc3 Be7 11. cxd5 exd5 12. Re1 Kf8 13. Bxc6 bxc6 14. Bf4 Re8 15. Rac1 h6 16. Rxe7 Kxe7 17. Qa3+ c5 18. dxc5 Qc6 19. Bd6+ Kd8 20. Qxa7 Re6 21. Nb5 Ne8 22. Nd4 Rxd6 23. Nxc6+ Rxc6 24. Qxf7 Nc7 25. b4 Rf6 26. Qh5 Rhf8 27. a4 Rf5 28. Qh4+ Rg5+ 29. Kh1 Rxf3 30. Rg1 Ne6 31. Rxg5 Nxg5 32. Qd4 Rf5 33. Qxg7 Rxf2 34. c6 Rf7 35. Qxh6 Ne4 36. Kg2 1-0

[Event "Ruhrgebiet Verbandsliga Gruppe 2 1415"]
[Site "Germany"]
[Date "2015.01.18"]
[Round "5.2"]
[White "Birnkraut, Tim"]
[Black "Sokalskaja, Elena"]
[Result "1/2-1/2"]
[WhiteElo "2006"]
[BlackElo "1961"]
[PlyCount "88"]
[EventDate "2014.09.21"]
[EventType "team-tourn"]
[EventRounds "9"]
[EventCountry "GER"]
[SourceTitle "EXT 2022"]
[Source "ChessBase"]
[SourceDate "2021.10.06"]
[SourceVersion "1"]
[SourceVersionDate "2021.10.06"]
[SourceQuality "1"]
[WhiteTeam "Brackel SF II"]
[BlackTeam "Muelheim Nord IV"]
[WhiteTeamCountry "GER"]
[BlackTeamCountry "GER"]

1. e4 c6 2. c4 d5 3. cxd5 cxd5 4. exd5 Nf6 5. Nc3 g6 6. Bc4 Bg7 7. d3 0-0 8. Nge2 Nbd7 9. 0-0 Nb6 10. Qb3 Bf5 11. Ng3 Bd7 12. Bf4 h5 13. h3 Rc8 14. a4 a5 15. Rfe1 Be8 16. Be3 Nfd7 17. Nge4 Nxc4 18. dxc4 Ne5 19. Bb6 Qd7 20. c5 Nf3+ 21. gxf3 Qxh3 22. Ng5 Qh4 23. Nce4 f5 24. Ne6 fxe4 25. Rxe4 Qh3 26. Nxf8 Bxf8 27. Rf4 Bg7 28. d6+ e6 29. Re1 g5 30. Rfe4 Bd7 31. Rxe6 Kh8 32. Qc4 Rf8 33. Qd5 Bc6 34. Qxg5 Bxf3 35. Rh6+ Kg8 36. Rxh5 Bxh5 37. Re7 Qg4+ 38. Qxg4 Bxg4 39. Rxb7 Bd4 40. d7 Bxf2+ 41. Kh2 Bf3 42. d8Q Rxd8 43. Bxd8 Bxb7 44. Bxa5 Bxc5 1/2-1/2

[Event "Calvia Amateur op 11th"]
[Site "Calvia"]
[Date "2014.10.09"]
[Round "6"]
[White "Sokalskaja, Elena"]
[Black "Al Khouri, Ismaeil E"]
[Result "1-0"]
[WhiteElo "2032"]
[BlackElo "2094"]
[PlyCount "63"]
[EventDate "2014.10.04"]
[EventType "swiss"]
[EventRounds "9"]
[EventCountry "ESP"]
[SourceTitle "EXT 2015"]
[Source "ChessBase"]
[SourceDate "2014.11.20"]
[SourceVersion "1"]
[SourceVersionDate "2014.11.20"]
[SourceQuality "1"]

1. g3 Nf6 2. Bg2 d6 3. e4 e5 4. Ne2 Nbd7 5. d4 g6 6. 0-0 Bg7 7. Nbc3 c6 8. h3 0-0 9. Be3 Ne8 10. Qd2 f5 11. Rad1 Qc7 12. Bh6 Ndf6 13. dxe5 dxe5 14. b3 Kh8 15. Rfe1 fxe4 16. g4 Qe7 17. Bxg7+ Kxg7 18. Ng3 Nc7 19. Bxe4 Ne6 20. Bg2 Nd7 21. Nce4 Nd4 22. Re3 Nf6 23. c3 Ne6 24. Nd6 Nc5 25. b4 Na4 26. c4 Nb6 27. Qb2 Rd8 28. c5 Nc4 29. Nxc4 Rxd1+ 30. Kh2 Be6 31. Nxe5 Re8 32. g5 1-0

[Event "GER-chT Federal Cup (Women)"]
[Site "Braunfels"]
[Date "2014.06.22"]
[Round "5.6"]
[White "Sokalskaja, Elena"]
[Black "Zpevakova, Jana"]
[Result "0-1"]
[WhiteElo "1933"]
[BlackElo "1915"]
[PlyCount "72"]
[EventDate "2014.06.19"]
[EventType "team-swiss"]
[EventRounds "5"]
[EventCountry "GER"]
[SourceTitle "EXT 2015"]
[Source "ChessBase"]
[SourceDate "2014.11.20"]
[SourceVersion "1"]
[SourceVersionDate "2014.11.20"]
[SourceQuality "1"]
[WhiteTeam "Nordrhein Westfalen (W)"]
[BlackTeam "Wuerttemberg (W)"]
[WhiteTeamCountry "GER"]
[BlackTeamCountry "GER"]

1. d4 Nf6 2. Nf3 e6 3. Bg5 c5 4. g3 Nc6 5. Bg2 Qb6 6. Bxf6 gxf6 7. dxc5 Bxc5 8. 0-0 Qxb2 9. Nbd2 f5 10. a3 Qf6 11. e3 b6 12. Nb3 Ba6 13. Re1 d5 14. Nfd2 Ne5 15. Nxc5 bxc5 16. c4 Bxc4 17. f4 Nd3 18. Nxc4 Nxe1 19. Qxe1 0-0 20. Ne5 Qe7 21. Qc3 f6 22. Nf3 Rab8 23. Rd1 Rb6 24. Nh4 Rfb8 25. g4 fxg4 26. f5 Rb3 27. Qe1 Rd8 28. Qf2 Qd6 29. fxe6 Qxe6 30. Nf5 Kh8 31. a4 Rb4 32. Qc2 Rc4 33. Qxc4 Qxf5 34. Qxc5 Qe5 35. Qd4 Re8 36. Qxa7 g3 0-1

[Event "GER-chT Federal Cup (Women)"]
[Site "Braunfels"]
[Date "2014.06.21"]
[Round "4.6"]
[White "Sokalskaja, Elena"]
[Black "Neumann, Ramona"]
[Result "1-0"]
[WhiteElo "1933"]
[BlackElo "1567"]
[PlyCount "59"]
[EventDate "2014.06.19"]
[EventType "team-swiss"]
[EventRounds "5"]
[EventCountry "GER"]
[SourceTitle "EXT 2015"]
[Source "ChessBase"]
[SourceDate "2014.11.20"]
[SourceVersion "1"]
[SourceVersionDate "2014.11.20"]
[SourceQuality "1"]
[WhiteTeam "Nordrhein Westfalen (W)"]
[BlackTeam "Hamburg (W)"]
[WhiteTeamCountry "GER"]
[BlackTeamCountry "GER"]

1. d4 Nf6 2. Nf3 g6 3. c4 Bg7 4. g3 0-0 5. Bg2 d6 6. Nc3 Nbd7 7. 0-0 c5 8. d5 Ng4 9. e4 Nge5 10. Nd2 Nb6 11. Qe2 Bg4 12. f3 Bc8 13. a4 Rb8 14. a5 Na8 15. h3 Nc7 16. f4 Nd7 17. Nf3 b6 18. axb6 axb6 19. e5 dxe5 20. fxe5 Qe8 21. Bf4 e6 22. d6 Na6 23. Nb5 h6 24. Rxa6 Bxa6 25. Nc7 Qc8 26. Ra1 Bb7 27. h4 Kh7 28. Ra7 b5 29. Nxb5 Ra8 30. Rxb7 1-0

[Event "Ruhrgebiet Regionalliga 1314"]
[Site "Ruhrgebiet"]
[Date "2014.05.04"]
[Round "9.7"]
[White "Sokalskaja, Elena"]
[Black "Koehn, Peter"]
[Result "0-1"]
[WhiteElo "1938"]
[BlackElo "2199"]
[PlyCount "82"]
[EventDate "2013.09.22"]
[EventType "team-tourn"]
[EventRounds "9"]
[EventCountry "GER"]
[SourceTitle "EXT 2024"]
[Source "ChessBase"]
[SourceDate "2023.10.10"]
[SourceVersion "1"]
[SourceVersionDate "2023.10.10"]
[SourceQuality "1"]
[WhiteTeam "Muelheim Nord III"]
[BlackTeam "Wattenscheid III"]
[WhiteTeamCountry "GER"]
[BlackTeamCountry "GER"]

1. d4 Nf6 2. Nf3 g6 3. g3 Bg7 4. Bg2 0-0 5. 0-0 d6 6. c4 Nbd7 7. Nc3 e5 8. Qc2 Re8 9. Rd1 e4 10. Ng5 e3 11. fxe3 Ng4 12. e4 c5 13. Nf3 cxd4 14. Nd5 Ne3 15. Bxe3 dxe3 16. Rac1 Nc5 17. Nd4 Bd7 18. b4 Na4 19. Nb3 h5 20. Rf1 h4 21. gxh4 Be5 22. Rf3 Bg4 23. Rxe3 Rc8 24. c5 Qxh4 25. h3 Be6 26. Rd3 dxc5 27. bxc5 Nxc5 28. Nxc5 b6 29. Qa4 bxc5 30. Qxa7 Kg7 31. a4 c4 32. Rf3 Bxd5 33. exd5 Bd4+ 34. Qxd4+ Qxd4+ 35. Kh1 Rxe2 36. Rcf1 f5 37. Rg3 c3 38. Bf3 Rf2 39. Rfg1 Rxf3 40. Rxg6+ Kf7 41. Rh6 Qxg1+ 0-1

[Event "NRW Verbandsklasse Group2 1314"]
[Site "Nordrheinwestfalen"]
[Date "2014.04.06"]
[Round "9.4"]
[White "Sokalskaja, Elena"]
[Black "Schneider, Markus"]
[Result "0-1"]
[WhiteElo "1926"]
[BlackElo "1911"]
[PlyCount "152"]
[EventDate "2013.09.08"]
[EventType "team-tourn"]
[EventRounds "9"]
[EventCountry "GER"]
[SourceTitle "EXT 2020"]
[Source "ChessBase"]
[SourceDate "2019.10.17"]
[SourceVersion "1"]
[SourceVersionDate "2019.10.17"]
[SourceQuality "1"]
[WhiteTeam "Muelheim Nord IV"]
[BlackTeam "Mengede SG"]
[WhiteTeamCountry "GER"]
[BlackTeamCountry "GER"]

1. d4 Nf6 2. Nf3 g6 3. g3 Bg7 4. Bg2 0-0 5. c4 d6 6. Nc3 c6 7. 0-0 Qa5 8. d5 cxd5 9. cxd5 Bd7 10. Nd4 Rc8 11. Qd3 Na6 12. Nb3 Qd8 13. e4 Ng4 14. Bf4 Qb6 15. Rac1 Nb4 16. Qb1 Ne5 17. Be3 Qd8 18. Rcd1 Nc4 19. Bd4 Bxd4 20. Nxd4 Qb6 21. h3 Rc7 22. Kh2 Rac8 23. Nce2 Qa5 24. a3 Na6 25. Rc1 Nd2 26. Qd3 Nxf1+ 27. Rxf1 b5 28. b4 Qb6 29. Qe3 Rc4 30. Rd1 Nb8 31. Qh6 Qd8 32. h4 Qf8 33. Qf4 Qg7 34. Rd3 a5 35. bxa5 Na6 36. Bh3 Bxh3 37. Kxh3 Nc5 38. Rf3 b4 39. Nc6 Rxe4 40. Nxe7+ Rxe7 41. axb4 Rxe2 42. bxc5 Rxc5 43. Qxd6 Qf8 44. Qa6 Qc8+ 45. Qxc8+ Rxc8 46. h5 Re5 47. hxg6 hxg6 48. Rd3 Rd8 49. a6 Rexd5 50. Ra3 Ra8 51. Kg4 Rd6 52. a7 Kg7 53. f4 f6 54. Kh4 Rd7 55. g4 Rdxa7 56. Rd3 Re7 57. Rc3 Ra4 58. Kg3 Ree4 59. Rc7+ Kh6 60. g5+ fxg5 61. fxg5+ Kxg5 62. Rc5+ Kh6 63. Rc3 Kh5 64. Rc5+ g5 65. Rc3 Rg4+ 66. Kh3 Ra1 67. Kh2 Rga4 68. Rh3+ Rh4 69. Rxh4+ Kxh4 70. Kg2 g4 71. Kh2 Ra2+ 72. Kg1 Kh3 73. Kf1 Kh2 74. Ke1 g3 75. Kf1 g2+ 76. Ke1 g1Q# 0-1

[Event "Oberhausen op"]
[Site "Oberhausen"]
[Date "2013.03.29"]
[Round "2"]
[White "Witke, Thomas"]
[Black "Sokalskaja, Elena"]
[Result "1/2-1/2"]
[WhiteElo "2242"]
[BlackElo "2007"]
[PlyCount "75"]
[EventDate "2013.03.28"]
[EventType "swiss"]
[EventRounds "7"]
[EventCountry "GER"]
[SourceTitle "CBM 153 Extra"]
[Source "ChessBase"]
[SourceDate "2013.04.22"]
[SourceVersion "1"]
[SourceVersionDate "2013.04.22"]
[SourceQuality "1"]

1. d4 Nf6 2. Nf3 g6 3. Bf4 Bg7 4. e3 0-0 5. Be2 d6 6. h3 c5 7. Nbd2 Nc6 8. c3 cxd4 9. exd4 Re8 10. Nc4 b5 11. Ne3 a6 12. 0-0 Bb7 13. a4 e5 14. Bg5 e4 15. Nd2 Na7 16. Ng4 h5 17. Ne3 Qd7 18. axb5 axb5 19. Qb3 Reb8 20. Bxf6 Bxf6 21. Nd5 Bd8 22. Nxe4 Qf5 23. Bf3 Bxd5 24. Qxd5 Qxd5 25. Nf6+ Bxf6 26. Bxd5 Nc6 27. Bxc6 Rxa1 28. Rxa1 b4 29. Ra7 bxc3 30. bxc3 Kf8 31. Bd5 Be7 32. Kf1 Rb2 33. Ke1 Rc2 34. Ra8+ Kg7 35. Rc8 f5 36. Rc7 Kf8 37. g4 h4 38. Rc8+ 1/2-1/2

[Event "Ruhrgebiet VK1 1213"]
[Site "Nordrheinwestfalen"]
[Date "2012.09.30"]
[Round "2.6"]
[White "Sokalskaja, Elena"]
[Black "Riese, Manfred"]
[Result "1-0"]
[WhiteElo "1886"]
[BlackElo "1834"]
[PlyCount "125"]
[EventDate "2012.09.02"]
[EventType "team-tourn"]
[EventRounds "9"]
[EventCountry "GER"]
[SourceTitle "EXT 2020"]
[Source "ChessBase"]
[SourceDate "2019.10.17"]
[SourceVersion "1"]
[SourceVersionDate "2019.10.17"]
[SourceQuality "1"]
[WhiteTeam "Muelheim Nord IV"]
[BlackTeam "Muelheim SC"]
[WhiteTeamCountry "GER"]
[BlackTeamCountry "GER"]

1. d4 Nf6 2. Nf3 g6 3. g3 d6 4. Bg2 Bg7 5. 0-0 0-0 6. c4 c6 7. Nc3 Bg4 8. Qc2 Qd7 9. Rd1 Na6 10. a3 Nc7 11. e4 Bxf3 12. Bxf3 Rfd8 13. Kg2 Qe8 14. Be3 e5 15. d5 c5 16. b4 b6 17. h4 Qd7 18. h5 Ng4 19. Bxg4 Qxg4 20. hxg6 fxg6 21. f3 Qd7 22. Rh1 Rf8 23. Bh6 Qf7 24. Raf1 Qf6 25. Qd2 Bxh6 26. Qxh6 Rf7 27. Ne2 Raf8 28. Ng1 Qg7 29. Qe3 Ne8 30. Qg5 Nf6 31. Nh3 h6 32. Qe3 Nh5 33. Ng1 Rf6 34. Rf2 R8f7 35. Ne2 Qf8 36. Rb1 g5 37. Rh1 Ng7 38. g4 Rg6 39. Ng3 Rff6 40. Nf5 Nxf5 41. exf5 Rg7 42. Kg3 Rh7 43. Rfh2 Qg7 44. b5 Rf7 45. a4 Qf6 46. Rh5 Re7 47. Qe4 Kg7 48. a5 Kg8 49. Ra1 bxa5 50. Rxa5 Rd7 51. Ra6 Rb7 52. Rc6 Rhf7 53. Rh2 Kg7 54. Ra2 Rb6 55. Ra6 Rxa6 56. Rxa6 Rb7 57. Qc2 Qe7 58. Rc6 Kf7 59. Qh2 Kg7 60. Qh5 Qf6 61. Qe8 Re7 62. Qd8 e4 63. Qxd6 1-0

[Event "Calvia Amateur op 8th"]
[Site "Calvia"]
[Date "2011.10.15"]
[Round "8"]
[White "Sokalskaja, Elena"]
[Black "Moreno Mateos, Jose Luis"]
[Result "1-0"]
[WhiteElo "2040"]
[BlackElo "1878"]
[PlyCount "100"]
[EventDate "2011.10.08"]
[EventType "swiss"]
[EventRounds "9"]
[EventCountry "ESP"]
[SourceTitle "CBM 144 Extra"]
[Source "ChessBase"]
[SourceDate "2011.10.28"]
[SourceVersion "1"]
[SourceVersionDate "2011.10.28"]
[SourceQuality "1"]

1. d4 d5 2. Nf3 c6 3. g3 Nf6 4. Bg2 Bf5 5. 0-0 e6 6. c4 h6 7. Nc3 Be7 8. Qb3 Qb6 9. c5 Qxb3 10. axb3 0-0 11. b4 Nbd7 12. b5 a6 13. bxc6 bxc6 14. Bf4 g5 15. Bc7 Ne4 16. Na4 Bd8 17. Bxd8 Rfxd8 18. Rfc1 Bg4 19. e3 Rdb8 20. Ne5 Nxe5 21. dxe5 Nd2 22. Rc3 Nc4 23. Rxc4 dxc4 24. Bxc6 Ra7 25. Nb6 Rc7 26. Nd7 Rxc6 27. Nxb8 Rc8 28. Nd7 Bf3 29. Rxa6 Rc7 30. c6 Bxc6 31. Nf6+ Kg7 32. e4 g4 33. h3 gxh3 34. Kh2 Rc8 35. Kxh3 Kg6 36. Kg4 Bb5 37. Ra5 h5+ 38. Nxh5 Rc5 39. Nf4+ Kh6 40. f3 Rxe5 41. Ne2 Rg5+ 42. Kf4 e5+ 43. Ke3 Bd7 44. Ra6+ Kg7 45. f4 Rh5 46. f5 Rh2 47. Ra5 Rh1 48. Rxe5 Rb1 49. Rd5 Ba4 50. Nc3 Ra1 1-0